Central Library OPAC University of Rajshahi

The cotton mills of India, 1854-1954./ (Record no. 76561)

MARC details
000 -LEADER
fixed length control field 00783cam a22002651 4500
001 - CONTROL NUMBER
control field 76561
003 - CONTROL NUMBER IDENTIFIER
rucl marc code BD-RjUL
005 - DATE AND TIME OF LATEST TRANSACTION
control field 20211209082847.0
008 - FIXED-LENGTH DATA ELEMENTS--GENERAL INFORMATION
fixed length control field 770321s1954 ii a b 000 0 eng
035 ## - SYSTEM CONTROL NUMBER
System control number (BD-RjUL)76785
040 ## - CATALOGING SOURCE
Original cataloging agency DLC
Transcribing agency ScU
Modifying agency DLC
Language of cataloging eng
041 ## - LANGUAGE CODE
Language code of text/sound track or separate title eng
042 ## - AUTHENTICATION CODE
Authentication code premarc
082 ## - DEWEY DECIMAL CLASSIFICATION NUMBER
Edition number 23
Classification number 677.21054
Author mark and year MEC 1954
100 1# - MAIN ENTRY--PERSONAL NAME
Personal name Metha, S. D.
9 (RLIN) 236686
245 14 - TITLE STATEMENT
Title The cotton mills of India, 1854-1954./
Statement of responsibility, etc. Foreword by Sir Homi Mody.
260 ## - PUBLICATION, DISTRIBUTION, ETC. (IMPRINT)
Place of publication, distribution, etc. Bombay :
Name of publisher, distributor, etc. Textile Association (India) ,
Date of publication, distribution, etc. [1954]
300 ## - PHYSICAL DESCRIPTION
Pagination 308 p. :
Illustrations illus.;
Size 29 cm.
504 ## - BIBLIOGRAPHY, ETC. NOTE
Bibliography, etc Includes bibliography.
650 #0 - SUBJECT ADDED ENTRY--TOPICAL TERM
Topical term or geographic name as entry element Cotton manufacture
Geographic subdivision India
9 (RLIN) 236687
906 ## - LOCAL DATA ELEMENT F, LDF (RLIN)
a 7
b cbc
c oclcrpl
d u
e ncip
f 19
g y-gencatlg
942 ## - ADDED ENTRY ELEMENTS (KOHA)
Source of classification or shelving scheme Dewey Decimal Classification
Koha item type Books
Holdings
Lost status Source of classification or shelving scheme Damaged status Not for loan Collection code Permanent Location Current Location Shelving location Date acquired Source of acquisition Cost, normal purchase price Total Checkouts Full call number Date last seen Copy number Koha item type
  Dewey Decimal Classification   Not For Loan Non-fiction Central Library, University of Rajshahi Central Library, University of Rajshahi Reading Room 17/10/1957 Unlimited 20.00   677.21054 MEC 1954 19/12/2019 C-1 Books